| 000 | 00476nam a2200157 i 4500 | ||
|---|---|---|---|
| 001 | 46735 | ||
| 003 | ES-MaACL | ||
| 005 | 20230906161434.0 | ||
| 007 | t| | ||
| 008 | 030331s1935 mx ||||1| spa d | ||
| 111 | 2 |
_aCongreso Científico Americano ( _n7º. _dMéxico) _9288 |
|
| 245 | 1 | 0 |
_aSección XIII _b: indigenistas / _cCongreso Científico Americano. |
| 260 |
_a[México : _bs.n., _c1935] ( _fImp. La Nación) |
||
| 300 |
_a93 p. ; _c23 cm. |
||
| 852 |
_aES-MaACL _j1809-F-8 |
||
| 999 |
_c46735 _d46735 |
||